[Event "40th Olympiad Open"]
[Site "Istanbul TUR"]
[Date "2012.09.01"]
[Round "5.48"]
[Board "3"]
[White "Mannhart, Marcel"]
[Black "Molina, Jorge"]
[Result "1/2-1/2"]
[BlackTitle "FM"]
[WhiteElo "2066"]
[BlackElo "2180"]
[WhiteTeam "Liechtenstein"]
[BlackTeam "Bolivia"]
[WhiteFideId "12000108"]
[BlackFideId "3300161"]
[EventDate "2012.08.28"]

1. Nc3 c6 2. e4 d5 3. f4 g6 4. d3 Bg7 5. Nf3 Bg4 6. Be2 dxe4 7. dxe4 Qb6 8. Qd2
Nd7 9. Nd1 Rd8 10. Qe3 Nc5 11. c3 Nf6 12. h3 Bxf3 13. gxf3 Nh5 14. Rg1 Bh6 15.
b4 Nd3+ 16. Bxd3 Rxd3 17. Qxb6 axb6 18. Ke2 Rd7 19. Rg4 O-O 20. f5 Bxc1 21. Rxc1
Rfd8 22. Nf2 Rd2+ 23. Ke3 Rxa2 24. Rd1 Rxd1 25. Nxd1 Kf8 26. fxg6 hxg6 27. e5
Ng7 28. Kd3 Nf5 29. Ne3 Rf2 30. Rf4 Nxe3 31. Kxe3 Rf1 32. Ke2 Rg1 33. Rh4 Rg5
34. Re4 e6 35. Kf2 Ke7 36. f4 Rh5 37. Kg3 Rh8 38. Rd4 Ra8 39. Kg4 Ra3 40. Rd3
Rb3 41. Kf3 Rb1 42. Ke4 Re1+ 43. Kf3 Ra1 44. Kg4 Rc1 45. Kf3 c5 46. b5 c4 47.
Rd6 Rxc3+ 48. Ke2 Rxh3 49. Rxb6 Rb3 50. Rxb7+ Kf8 51. b6 Kg7 52. Rb8 Rd3 53. Rc8
Rb3 54. Rxc4 Rxb6 55. Kf3 Rb1 56. Kg4 Rg1+ 57. Kf3 g5 58. fxg5 Kg6 59. Kf4 Rxg5
60. Rc8 Rf5+ 61. Ke4 Kg7 62. Rc7 Rf1 63. Rc8 Ra1 64. Rc4 Kg6 65. Kf4 Rg1 66. Rc8
Kg7 67. Rc7 Rf1+ 68. Ke4 Rf5 69. Rc1 Kg6 70. Rc8 Rh5 71. Rg8+ Kh7 72. Rg4 Kh6
73. Rf4 Kg6 74. Rf6+ Kg7 75. Rf4 Rg5 76. Rh4 Kg6 77. Rf4 Rg1 78. Rf6+ Kg7 79.
Rf4 Re1+ 80. Kd4 Kg8 81. Rg4+ Kf8 82. Rg2 Ra1 83. Rg5 Ra4+ 84. Ke3 Rh4 85. Kf3
Ke7 86. Kg3 Rb4 87. Kf3 Rb7 88. Ke4 Kd7 89. Rg1 Rb4+ 90. Ke3 Kc6 91. Rd1 Rh4 92.
Rd6+ Kc7 93. Rd1 Rh5 94. Ke4 Rg5 95. Kf4 Rf5+ 96. Ke4 Kc6 97. Rc1+ Kd7 98. Rd1+
Ke7 99. Ra1 Rh5 100. Ra7+ Kf8 101. Ra1 Rh4+ 102. Ke3 Rg4 103. Kf3 Rb4 104. Ke3
Kg7 105. Rg1+ Kh6 106. Kf3 Rh4 107. Ke3 Rh5 108. Kf4 Rf5+ 109. Ke4 Rg5 1/2-1/2

[Event "40th Olympiad Open"]
[Site "Istanbul TUR"]
[Date "2012.09.01"]
[Round "5.48"]
[Board "4"]
[White "Ferrufino, Boris"]
[Black "Muendle, Kurt"]
[Result "1-0"]
[WhiteTitle "CM"]
[WhiteElo "2171"]
[BlackElo "1893"]
[WhiteTeam "Bolivia"]
[BlackTeam "Liechtenstein"]
[WhiteFideId "3300170"]
[BlackFideId "12000159"]
[EventDate "2012.08.28"]

1. d4 e6 2. Nf3 d5 3. e3 Be7 4. Bd3 Nf6 5. O-O Nbd7 6. Nbd2 O-O 7. Re1 b6 8. e4
dxe4 9. Nxe4 Bb7 10. Ng3 c5 11. c3 Rc8 12. Qe2 Re8 13. Ng5 Nf8 14. dxc5 bxc5 15.
Nf3 Qc7 16. Bg5 c4 17. Bc2 h6 18. Be3 Bc5 19. Rad1 Bxe3 20. Qxe3 Nd5 21. Qd4 Qc5
22. Ne5 Qxd4 23. Rxd4 Nb6 24. Nh5 f6 25. Rg4 Re7 26. Nxf6+ Kh8 27. Ne4 Bxe4 28.
Rexe4 Rd8 29. Rd4 Rd5 30. Rdf4 Kg8 31. Nf3 Rb5 32. b4 cxb3 33. Bxb3 Nd5 34. Rc4
Rc7 35. Rxc7 Nxc7 36. Rc4 Na6 37. Rc8 Kf7 38. Kf1 Nc5 39. Nd4 Rb6 40. Rxc5 1-0

[Event "40th Olympiad Open"]
[Site "Istanbul TUR"]
[Date "2012.09.01"]
[Round "5.49"]
[Board "1"]
[White "Lapidus, Mark"]
[Black "Rodriguez Vila, Andres"]
[Result "0-1"]
[BlackTitle "GM"]
[WhiteElo "2129"]
[BlackElo "2536"]
[WhiteTeam "Estonia"]
[BlackTeam "Uruguay"]
[WhiteFideId "4502299"]
[BlackFideId "3000010"]
[EventDate "2012.08.28"]

1. Nf3 f5 2. d4 Nf6 3. Bg5 e6 4. Nbd2 Be7 5. Bxf6 Bxf6 6. e4 d5 7. e5 Be7 8. Bd3
O-O 9. c3 b6 10. Qe2 c5 11. h3 a5 12. g4 Ba6 13. c4 Nc6 14. gxf5 exf5 15. dxc5
Bxc5 16. a3 Qe7 17. O-O Rae8 18. Rfe1 d4 19. Nf1 Qe6 20. Ng3 Bb7 21. h4 Ne7 22.
Ng5 Qc6 23. f4 Ng6 24. Qh2 h6 25. Bxf5 d3+ 26. Kf1 hxg5 27. hxg5 Qf3+ 0-1

[Event "40th Olympiad Open"]
[Site "Istanbul TUR"]
[Date "2012.09.01"]
[Round "5.49"]
[Board "3"]
[White "Ezov, Roman"]
[Black "Roselli Mailhe, Bernardo"]
[Result "0-1"]
[BlackTitle "IM"]
[WhiteElo "2185"]
[BlackElo "2420"]
[WhiteTeam "Estonia"]
[BlackTeam "Uruguay"]
[WhiteFideId "4502078"]
[BlackFideId "3000028"]
[EventDate "2012.08.28"]

1. e4 e6 2. d4 d5 3. Nc3 Bb4 4. e5 b6 5. a3 Bxc3+ 6. bxc3 Ne7 7. h4 Ba6 8. Bxa6
Nxa6 9. Qd3 Nb8 10. h5 h6 11. Nf3 Nbc6 12. O-O Na5 13. Nh4 Qd7 14. f4 Nf5 15.
Nxf5 exf5 16. g4 g6 17. Kh2 O-O-O 18. gxf5 gxf5 19. Be3 Rhg8 20. Rg1 Nc4 21. Bf2
Qe6 22. Bh4 Rde8 23. Rg3 Rxg3 24. Qxg3 Nd2 25. Rg1 Ne4 26. Qh3 Kb7 27. Rg7 Rc8
28. Be1 Qd7 29. Qg2 Rf8 30. Rh7 Qb5 31. Rxh6 Qb1 32. Bh4 Qc1 33. Bg5 Rg8 34. Rh7
Ka6 35. a4 Nxg5 36. fxg5 Rxg5 37. Qe2+ Kb7 38. Qf3 Qxc2+ 39. Kh3 Qe4 40. Qxe4
dxe4 41. e6 fxe6 42. Rh6 Kc8 43. Rxe6 Rxh5+ 44. Kg3 Rh1 45. Kf4 Rf1+ 46. Ke5 Kb7
47. Kd5 Ra1 48. Rf6 e3 0-1

[Event "40th Olympiad Open"]
[Site "Istanbul TUR"]
[Date "2012.09.01"]
[Round "5.49"]
[Board "4"]
[White "Sanguinetti, Luis"]
[Black "Ladva, Ottomar"]
[Result "1-0"]
[WhiteElo "2218"]
[BlackElo "2153"]
[WhiteTeam "Uruguay"]
[BlackTeam "Estonia"]
[WhiteFideId "3002608"]
[BlackFideId "4500024"]
[EventDate "2012.08.28"]

1. c4 e6 2. e4 d5 3. exd5 exd5 4. d4 Nf6 5. Nc3 Be7 6. Bd3 Nc6 7. cxd5 Nxd5 8.
Nge2 O-O 9. O-O Bg4 10. Be4 Nf6 11. Bc2 Qd7 12. a3 Rad8 13. Be3 Bf5 14. Ba4 a6
15. Rc1 Nd5 16. Nxd5 Qxd5 17. Nf4 Qd6 18. Bxc6 bxc6 19. Qf3 g5 20. Ne2 Bd7 21.
Bd2 Qh6 22. Bb4 Bxb4 23. axb4 Rb8 24. Qa3 Rb6 25. Rc5 Rfb8 26. Qg3 g4 27. Qxc7
R6b7 28. Qe5 Rxb4 29. Ng3 Rxb2 30. Nh5 Be6 31. Nf6+ Kf8 32. Ne4 Rb1 33. Qd6+ Kg8
34. Rg5+ Kh8 35. Qe5+ f6 36. Qxe6 g3 37. fxg3 Rxf1+ 38. Kxf1 Qf8 39. Qxf6+ Qxf6+
40. Nxf6 Rf8 41. Rf5 a5 42. g4 a4 43. g5 Ra8 44. Rf2 Kg7 45. Ra2 Kg6 46. Ne4 a3
47. Ke2 Kf5 48. Kf3 Ke6 49. Ke3 Kd5 50. Kd3 Ke6 51. Nd2 Kd5 1-0

[Event "40th Olympiad Open"]
[Site "Istanbul TUR"]
[Date "2012.09.01"]
[Round "5.50"]
[Board "2"]
[White "Yeoh, Li Tian"]
[Black "Giasi, Viresh"]
[Result "1-0"]
[WhiteElo "2258"]
[BlackElo "1975"]
[WhiteTeam "Malaysia"]
[BlackTeam "Suriname"]
[WhiteFideId "5702895"]
[BlackFideId "8200165"]
[EventDate "2012.08.28"]

1. e4 d6 2. d4 Nf6 3. Nc3 g6 4. Nf3 Bg7 5. Be2 c6 6. a4 O-O 7. O-O Nbd7 8. Re1
a6 9. a5 b5 10. axb6 Qxb6 11. h3 c5 12. e5 Ne8 13. Nd5 Qd8 14. Bg5 f6 15. Nxe7+
Kh8 16. exf6 Ndxf6 17. Nxc8 Qxc8 18. dxc5 dxc5 19. Bc4 Nh5 20. Re7 Rb8 21. Ne5
Bxe5 22. Rxe5 Qc7 23. Qe1 Nhg7 24. Re7 Qb6 25. b3 a5 26. Rxa5 Qb4 27. Bd2 Qb6
28. Bc3 Qd6 29. Raa7 1-0

[Event "40th Olympiad Open"]
[Site "Istanbul TUR"]
[Date "2012.09.01"]
[Round "5.50"]
[Board "4"]
[White "Lim, Zhuo Ren"]
[Black "Tjong Tjin Joe, Calvin"]
[Result "1-0"]
[WhiteElo "2120"]
[BlackElo "1981"]
[WhiteTeam "Malaysia"]
[BlackTeam "Suriname"]
[WhiteFideId "5702488"]
[BlackFideId "8200580"]
[EventDate "2012.08.28"]

1. d4 Nf6 2. Nf3 g6 3. c4 Bg7 4. g3 O-O 5. Bg2 d5 6. cxd5 Nxd5 7. O-O Nc6 8. Nc3
Nb6 9. e3 Bg4 10. h3 Bxf3 11. Qxf3 e5 12. d5 Ne7 13. e4 Nc4 14. b3 Nd6 15. Ba3
f5 16. Qd3 f4 17. h4 h6 18. Bh3 Kh8 19. Rac1 g5 20. hxg5 hxg5 21. Qf3 Rf6 22.
Be6 fxg3 23. Qxg3 Ng6 24. Qh3+ Nh4 25. f3 Rh6 26. Qg3 Ng6 27. Rf2 Nf4 28. Rh2
Qf6 29. Rcc2 Rf8 30. Rxh6+ Bxh6 31. Bg4 Rf7 32. Rh2 Kg7 33. Qf2 a6 34. Qc2 Kg8
35. Ne2 Kg7 36. Ng3 Kg8 37. Nh5 Nxh5 38. Rxh5 Kg7 39. Bb2 Nb5 40. Qh2 Re7 41.
Rxh6 Qxh6 42. Bxe5+ Rxe5 43. Qxe5+ Qf6 44. Qxf6+ Kxf6 45. Kf2 Ke5 46. Kg3 a5 47.
Bc8 b6 48. Kg4 Nd4 49. Bd7 b5 50. Be8 b4 51. Bh5 Nxb3 52. axb3 a4 53. d6 cxd6
54. bxa4 Kf6 55. Be8 1-0

[Event "40th Olympiad Open"]
[Site "Istanbul TUR"]
[Date "2012.09.01"]
[Round "5.51"]
[Board "3"]
[White "Rowe, Duane"]
[Black "Farley, Terry"]
[Result "1-0"]
[WhiteTitle "CM"]
[BlackTitle "IM"]
[WhiteElo "2251"]
[BlackElo "2255"]
[WhiteTeam "Jamaica"]
[BlackTeam "Barbados"]
[WhiteFideId "7400268"]
[BlackFideId "11100095"]
[EventDate "2012.08.28"]

1. e4 c5 2. Nf3 d6 3. c3 Nf6 4. h3 g6 5. Bd3 Bg7 6. O-O O-O 7. Bc2 Nc6 8. Re1
Nd7 9. Na3 Nde5 10. Nh2 Rb8 11. f4 Nd7 12. Nc4 b5 13. Ne3 b4 14. Nf3 bxc3 15.
dxc3 Ba6 16. Qd5 Nd4 17. cxd4 cxd4 18. Nxd4 e6 19. Qxd6 Rb6 20. Nc6 Qh4 21. Bd2
Nb8 22. Ne7+ Kh8 23. Qa3 Re8 24. Bb4 Qxf4 25. Rad1 Be5 26. Ng4 Bg7 27. Ba4 Bb5
28. Bxb5 Rxb5 29. Bd6 Qg5 30. e5 Nd7 31. Nc6 h5 32. Nf2 Bh6 33. Be7 Qh4 1-0

[Event "40th Olympiad Open"]
[Site "Istanbul TUR"]
[Date "2012.09.01"]
[Round "5.51"]
[Board "4"]
[White "Warner, Delisle"]
[Black "Davy, Damion"]
[Result "0-1"]
[WhiteTitle "FM"]
[WhiteElo "2204"]
[BlackElo "2101"]
[WhiteTeam "Barbados"]
[BlackTeam "Jamaica"]
[WhiteFideId "11100109"]
[BlackFideId "7400519"]
[EventDate "2012.08.28"]

1. d4 Nf6 2. c4 c5 3. d5 e5 4. Nc3 d6 5. e4 Be7 6. Be2 Nbd7 7. Be3 a6 8. a4 Nf8
9. h3 h5 10. g3 h4 11. g4 N6h7 12. Nf3 Bg5 13. Nxg5 Nxg5 14. Qd2 Ngh7 15. a5 Ng6
16. Na4 Nf6 17. Nb6 Rb8 18. Bg5 Qc7 19. Bd3 Nd7 20. Nxc8 Rxc8 21. O-O O-O 22. f3
f6 23. Be3 Rb8 24. Rf2 b6 25. axb6 Rxb6 26. Ra2 Rfb8 27. g5 fxg5 28. Bxg5 Rf8
29. f4 exf4 30. Bxf4 Nxf4 31. Rxf4 Rxf4 32. Qxf4 Ne5 33. Bf1 Qe7 34. Qe3 Qb7 35.
Qa3 Kh7 36. Be2 Rb3 37. Qxa6 Qe7 38. Qc8 Qg5+ 39. Kf1 Qf4+ 40. Ke1 Qc1+ 41. Kf2
Qe3+ 42. Kf1 Qf4+ 43. Ke1 Qxe4 44. Kd2 Re3 0-1

[Event "40th Olympiad Open"]
[Site "Istanbul TUR"]
[Date "2012.09.01"]
[Round "5.52"]
[Board "1"]
[White "Eichab, Charles"]
[Black "Lodhi, Mahmood"]
[Result "1/2-1/2"]
[WhiteTitle "CM"]
[BlackTitle "IM"]
[WhiteElo "2034"]
[BlackElo "2358"]
[WhiteTeam "Namibia"]
[BlackTeam "Pakistan"]
[WhiteFideId "15200051"]
[BlackFideId "7800010"]
[EventDate "2012.08.28"]

1. e4 e5 2. Nf3 Nc6 3. Nc3 Nf6 4. g3 Bc5 5. Bg2 O-O 6. O-O d6 7. d3 a6 8. Be3
Ba7 9. Bxa7 Rxa7 10. h3 Nd4 11. Nxd4 exd4 12. Ne2 c5 13. a4 b6 14. Kh2 Re7 15.
c3 dxc3 16. Nxc3 Bb7 17. Re1 Rfe8 18. Qd2 h5 19. Nd5 Bxd5 20. exd5 h4 21. g4 Nd7
22. f4 Rxe1 23. Rxe1 Rxe1 24. Qxe1 Qf6 25. Qd2 Qd4 26. b3 Nf6 27. f5 Nxd5 28.
Qe1 Qf4+ 29. Kh1 Nf6 30. Qxh4 b5 31. axb5 axb5 32. Qe1 b4 33. Qe7 Qe5 34. Qxe5
dxe5 35. Bc6 Kf8 36. Kg2 Ke7 37. Kf3 Kd6 38. Bb5 Nd5 39. Bc4 Nf4 40. h4 f6 41.
Kg3 Ne2+ 42. Kf3 Nc3 43. Ke3 Nb1 44. Be6 Ke7 45. Bc4 Kd7 46. Ke4 Kd6 47. Kf3 Nc3
48. Ke3 Nd1+ 49. Ke2 Nc3+ 50. Ke3 e4 51. d4 cxd4+ 52. Kxd4 e3 53. Kxe3 Ke5 54.
Be6 Nb5 55. Bg8 Nd6 56. Bc4 Ne4 57. Bd3 Nc3 58. Bc4 Nd1+ 59. Ke2 Nc3+ 60. Ke3
Ne4 61. Bd3 Nd6 62. Bc4 Nb7 63. Bg8 Na5 64. Bc4 Nc6 65. Bb5 Nd4 66. Bc4 Nc2+ 67.
Kd2 Nd4 68. Ke3 Nc6 69. Bf7 Ne7 70. Bc4 Nc8 71. Bf7 Nd6 72. Bc4 Ne4 1/2-1/2

[Event "40th Olympiad Open"]
[Site "Istanbul TUR"]
[Date "2012.09.01"]
[Round "5.52"]
[Board "3"]
[White "Nakapunda, Otto"]
[Black "Waqar, Ahmad Madni"]
[Result "1/2-1/2"]
[WhiteTitle "CM"]
[WhiteElo "2021"]
[BlackElo "2062"]
[WhiteTeam "Namibia"]
[BlackTeam "Pakistan"]
[WhiteFideId "15200027"]
[BlackFideId "7800371"]
[EventDate "2012.08.28"]

1. d4 Nf6 2. c4 g6 3. Nc3 d5 4. Nf3 Bg7 5. e3 O-O 6. Be2 e6 7. O-O Nbd7 8. b3 b6
9. Bb2 Bb7 10. Rc1 Ne4 11. Rc2 c5 12. Qc1 Nxc3 13. Bxc3 dxc4 14. bxc4 Be4 15.
Rb2 Qc7 16. Nd2 Bb7 17. Rd1 Rfd8 18. a4 Nf6 19. a5 Ne4 20. axb6 axb6 21. Nxe4
Bxe4 22. Rbd2 Bc6 23. dxc5 bxc5 24. Bxg7 Kxg7 25. Bf3 Bxf3 26. gxf3 Rxd2 27.
Qxd2 Qe5 28. Qc2 h5 29. Kg2 Ra3 30. Rc1 Ra8 31. Rb1 Qg5+ 32. Kf1 Qh4 33. Kg2
Qg5+ 34. Kf1 h4 35. h3 Qf6 36. Kg2 Rh8 37. Rb5 Rh5 38. f4 e5 39. Rxc5 exf4 40.
Rxh5 f3+ 41. Kh2 Qd6+ 42. Kh1 gxh5 43. Qc3+ Kg8 44. Qa1 Kh7 45. Qb1+ Kg8 1/2-1/2

[Event "40th Olympiad Open"]
[Site "Istanbul TUR"]
[Date "2012.09.01"]
[Round "5.55"]
[Board "2"]
[White "Jang, Kyungsik"]
[Black "Li Ying, Patrick"]
[Result "0-1"]
[BlackTitle "CM"]
[WhiteElo "1861"]
[BlackElo "2120"]
[WhiteTeam "South Korea"]
[BlackTeam "Mauritius"]
[WhiteFideId "13201166"]
[BlackFideId "9700056"]
[EventDate "2012.08.28"]

1. c4 c5 2. Nf3 Nc6 3. d4 cxd4 4. Nxd4 Nf6 5. Nc3 g6 6. e4 d6 7. Be2 Bg7 8. Be3
O-O 9. O-O Bd7 10. Qd2 Ng4 11. Bxg4 Bxg4 12. h3 Bd7 13. Rad1 a6 14. Nxc6 Bxc6
15. Bd4 Rc8 16. Bxg7 Kxg7 17. Qd4+ f6 18. Rfe1 Qa5 19. Rd2 Rf7 20. a3 Bd7 21.
Nd5 Rxc4 22. Qxc4 Qxd2 23. Re3 Qxb2 24. Qc7 Bc6 25. Nf4 Qa2 26. Qc8 Qa1+ 27. Kh2
Qe5 28. g3 Bxe4 29. Qc4 d5 30. Qe2 Qd6 31. Qd2 Bf5 32. Rb3 e5 33. Ne2 Rc7 0-1

[Event "40th Olympiad Open"]
[Site "Istanbul TUR"]
[Date "2012.09.01"]
[Round "5.55"]
[Board "3"]
[White "Seegolam, Pradeep"]
[Black "Baek, Wongi"]
[Result "1/2-1/2"]
[WhiteElo "2041"]
[BlackElo "1719"]
[WhiteTeam "Mauritius"]
[BlackTeam "South Korea"]
[WhiteFideId "9700080"]
[BlackFideId "13200186"]
[EventDate "2012.08.28"]

1. d4 d5 2. c4 e6 3. Nf3 Be7 4. Nc3 Nf6 5. Bg5 O-O 6. e3 h6 7. Bh4 b6 8. Rc1 Bb7
9. cxd5 exd5 10. Bd3 Ne4 11. Bxe7 Qxe7 12. O-O c5 13. Bb1 Nxc3 14. Rxc3 c4 15.
Qc2 Qe4 16. Qa4 Qe8 17. Qd1 Nd7 18. Re1 b5 19. Rc1 Qe6 20. Nh4 g6 21. Nf3 Kg7
22. Qd2 f5 23. Qb4 Bc6 24. Qa5 Qe7 25. Qc7 Rfc8 26. Qg3 Kh7 27. Nh4 Qg5 28. Qh3
Nf6 29. Nf3 Qg4 30. Qxg4 Nxg4 31. h3 Nf6 32. Ne5 Kg7 33. g4 Ne4 34. f3 Nd6 35.
Kf2 Kf6 36. Rg1 g5 37. gxf5 Nxf5 38. Ng4+ Ke6 39. Bxf5+ Kxf5 40. Nxh6+ Kg6 41.
Ng4 Kf5 42. Ne5 Rc7 43. Rg3 Rh8 44. Rcg1 Rh5 45. Rg4 Be8 46. R1g3 b4 47. e4+ Kf6
48. f4 gxf4 49. Rxf4+ Ke6 50. exd5+ Kxd5 51. Ng4 Rf7 52. Rxf7 Bxf7 53. Ke3 Kd6
54. Nf2 a5 55. Ne4+ Kc6 56. Rf3 Be6 57. Nf6 Rxh3 58. d5+ Kd6 59. dxe6 Rxf3+ 60.
Kxf3 Kxe6 61. Ne4 Kd5 62. Ke3 a4 63. Nd2 c3 64. bxc3 bxc3 65. Nb1 c2 66. Nc3+
Kc4 67. Ne2 Kb4 68. Kd3 Ka3 69. Nc1 Kb2 70. Kd2 a3 71. Ne2 Kb1 72. Kc3 c1=Q+ 73.
Nxc1 Kxc1 74. Kb3 Kd2 75. Kxa3 Kc3 76. Ka4 Kc4 1/2-1/2

[Event "40th Olympiad Open"]
[Site "Istanbul TUR"]
[Date "2012.09.01"]
[Round "5.56"]
[Board "2"]
[White "Arora, Neel"]
[Black "De Mey, Juan Pablo"]
[Result "0-1"]
[WhiteElo "1861"]
[BlackElo "1882"]
[WhiteTeam "Fiji"]
[BlackTeam "Aruba"]
[WhiteFideId "11400145"]
[BlackFideId "15900312"]
[EventDate "2012.08.28"]

1. e4 c5 2. Nf3 a6 3. d4 cxd4 4. Nxd4 Nf6 5. Nc3 e5 6. Nf3 Bb4 7. Bc4 Qc7 8. Qd3
d6 9. O-O Bxc3 10. bxc3 Nbd7 11. Ba3 Nc5 12. Bxc5 dxc5 13. Bd5 h6 14. c4 O-O 15.
Rab1 Rb8 16. a4 Bd7 17. a5 Bg4 18. Rb6 Kh8 19. Rfb1 Bc8 20. Qb3 Nd7 21. Qc3 Nxb6
22. axb6 Qd6 23. Nxe5 Be6 24. Qg3 Kh7 25. f4 Bxd5 26. exd5 Rbe8 27. h4 Re7 28.
Kh2 a5 29. Ra1 Qxb6 30. Qd3+ Kg8 31. d6 Re6 32. Rd1 Rd8 33. d7 Re7 34. Qd5 a4
35. Ra1 Qf6 36. g3 Rexd7 37. Qxc5 Rd2+ 38. Kg1 Qf5 39. Qc7 Rd1+ 40. Rxd1 Rxd1+
41. Kf2 Qxc2+ 42. Ke3 Re1+ 43. Kd4 Qf2+ 44. Kc3 Qxg3+ 45. Kb4 Rb1+ 46. Kc5 Qe3+
47. Kd6 Qb6+ 48. Qxb6 Rxb6+ 49. Kc7 Rb3 50. Nd7 a3 51. Nc5 Rb1 52. Nxb7 a2 53.
c5 a1=Q 54. c6 Qa7 55. Kc8 Rc1 56. Kc7 Qd4 0-1

[Event "40th Olympiad Open"]
[Site "Istanbul TUR"]
[Date "2012.09.01"]
[Round "5.57"]
[Board "1"]
[White "Gwaze, Robert"]
[Black "Elbaba, Ezat"]
[Result "1-0"]
[WhiteTitle "IM"]
[WhiteElo "2454"]
[BlackElo "2172"]
[WhiteTeam "Zimbabwe"]
[BlackTeam "Syria"]
[WhiteFideId "11000228"]
[BlackFideId "7600534"]
[EventDate "2012.08.28"]

1. e4 c6 2. d3 d5 3. Nd2 e5 4. Ngf3 Bd6 5. g3 Ne7 6. Bg2 O-O 7. O-O Bg4 8. Re1
Nd7 9. c3 Qc7 10. Qb3 Nc5 11. Qc2 a5 12. d4 Nxe4 13. dxe5 Bc5 14. Nxe4 Bf5 15.
Nh4 Bxe4 16. Bxe4 dxe4 17. Qxe4 Qb6 18. Re2 Rad8 19. Bg5 Rd5 20. Bxe7 Bxe7 21.
Nf5 Bc5 22. Rae1 Re8 23. Qg4 g6 24. Nh6+ Kg7 25. Qf4 Qd8 26. Nxf7 Qe7 27. Qf6+
Kf8 28. Qh8+ Kxf7 29. e6+ Qxe6 30. Qxh7+ Kf6 31. Rxe6+ Rxe6 32. Rxe6+ 1-0

[Event "40th Olympiad Open"]
[Site "Istanbul TUR"]
[Date "2012.09.01"]
[Round "5.57"]
[Board "2"]
[White "Iyti, Basher"]
[Black "Mandiza, Farai"]
[Result "0-1"]
[WhiteTitle "IM"]
[BlackTitle "IM"]
[WhiteElo "2264"]
[BlackElo "2390"]
[WhiteTeam "Syria"]
[BlackTeam "Zimbabwe"]
[WhiteFideId "7601875"]
[BlackFideId "11000430"]
[EventDate "2012.08.28"]

1. d4 e6 2. Nf3 f5 3. Nc3 Bb4 4. Qd3 b6 5. g4 Ba6 6. Qe3 Ne7 7. Bd2 O-O 8. O-O-O
Nbc6 9. Rg1 Rf6 10. gxf5 Nxf5 11. Qg5 Qf8 12. e3 Bxf1 13. Rdxf1 Nd6 14. Ne5 Bxc3
15. Bxc3 Nxe5 16. dxe5 Rg6 17. Qh4 Nf5 18. Qa4 Rxg1 19. Rxg1 Qe8 20. Qg4 Qf7 21.
e4 Ne7 22. Bd2 Ng6 23. f4 Rf8 24. Kb1 Qe7 25. c4 Rf7 26. Kc2 Qc5 27. b3 b5 28.
Rg3 bxc4 29. Rc3 cxb3+ 30. axb3 Qb6 31. h4 Ne7 32. h5 h6 33. Be3 Qb7 34. Rc4 Nc6
35. Bc5 Qb5 36. Kb2 Na5 37. Rc3 Nxb3 38. Rxb3 Qxc5 39. Qf3 a5 40. Rb8+ Rf8 41.
Rxf8+ Kxf8 42. Qd3 d6 43. exd6 cxd6 44. f5 exf5 45. exf5 d5 46. Qg3 Qb4+ 47. Ka2
a4 48. Qe5 a3 49. f6 Qb2+ 50. Qxb2 axb2 51. fxg7+ Kxg7 52. Kxb2 Kf6 0-1

[Event "40th Olympiad Open"]
[Site "Istanbul TUR"]
[Date "2012.09.01"]
[Round "5.57"]
[Board "3"]
[White "Makoto, Rodwell"]
[Black "Hammoudi, Ali"]
[Result "1-0"]
[WhiteElo "2254"]
[BlackElo "2155"]
[WhiteTeam "Zimbabwe"]
[BlackTeam "Syria"]
[WhiteFideId "11000120"]
[BlackFideId "7600321"]
[EventDate "2012.08.28"]

1. d4 Nf6 2. Nf3 e6 3. g3 c5 4. c4 cxd4 5. Nxd4 Nc6 6. Bg2 Bb4+ 7. Nc3 Qa5 8.
O-O Bxc3 9. bxc3 O-O 10. Nb5 d5 11. Qb3 Ne4 12. Qa3 a6 13. Qxa5 Nxa5 14. Nc7 Rb8
15. cxd5 Nxc3 16. e4 Rd8 17. Re1 Nc4 18. Bg5 f6 19. dxe6 Kf8 20. Bf4 Ne5 21. Nd5
Bxe6 22. Nxc3 Rbc8 23. Bxe5 fxe5 24. Nd5 Rc2 25. a4 Rdc8 26. a5 R8c5 27. h4 Rb2
28. Rec1 Rxc1+ 29. Rxc1 Ra2 30. Rc7 Rxa5 31. Rxb7 Ra1+ 32. Kh2 a5 33. Bh3 Bxh3
34. Kxh3 a4 35. Ra7 a3 36. Kg4 Rf1 37. f4 exf4 38. gxf4 Ra1 39. Kf5 h5 40. e5 a2
41. Ra8+ 1-0

[Event "40th Olympiad Open"]
[Site "Istanbul TUR"]
[Date "2012.09.01"]
[Round "5.57"]
[Board "4"]
[White "Azam, Zeno"]
[Black "Masango, Spencer"]
[Result "1-0"]
[WhiteElo "2187"]
[BlackElo "2153"]
[WhiteTeam "Syria"]
[BlackTeam "Zimbabwe"]
[WhiteFideId "7600976"]
[BlackFideId "14300753"]
[EventDate "2012.08.28"]

1. d4 Nf6 2. Nc3 d5 3. Bf4 c6 4. e3 Bf5 5. Bd3 e6 6. Nge2 Be7 7. f3 Bxd3 8. Qxd3
Nbd7 9. O-O Nh5 10. e4 Nxf4 11. Nxf4 O-O 12. Kh1 Qc7 13. Nh5 g6 14. Ng3 Rae8 15.
e5 c5 16. f4 cxd4 17. Qxd4 a6 18. Rf3 b5 19. a3 Rc8 20. Rd1 Qb8 21. Nf1 Rc4 22.
Qf2 Rfc8 23. Qg3 Nc5 24. Ne3 Rxc3 25. bxc3 Ne4 26. Qe1 Rxc3 27. Nxd5 exd5 28.
Rxc3 Qb6 29. Re3 Qc6 30. Rxd5 Qxd5 31. Rxe4 Bxa3 32. e6 fxe6 33. Rxe6 Bb4 34.
Re5 Qc4 35. Qf2 Bd6 36. Re8+ Kf7 37. Ra8 Bc5 38. Qe1 Qxf4 39. Rxa6 Bd6 40. Qg1
Qf6 41. Qd1 Ke7 42. Qe2+ Kd8 43. Ra8+ Kc7 44. Qxb5 Qd4 45. Qb8+ Kc6 46. Ra6+ Kd7
47. Qa7+ 1-0

[Event "40th Olympiad Open"]
[Site "Istanbul TUR"]
[Date "2012.09.01"]
[Round "5.59"]
[Board "4"]
[White "Yaaqoub, Rashid"]
[Black "Rosch, Hermann"]
[Result "1-0"]
[WhiteTitle "FM"]
[BlackTitle "CM"]
[WhiteElo "2196"]
[BlackElo "2115"]
[WhiteTeam "Sudan"]
[BlackTeam "Panama"]
[WhiteFideId "12200336"]
[BlackFideId "6600263"]
[EventDate "2012.08.28"]

1. e4 d6 2. d4 Nf6 3. Nc3 g6 4. Nf3 Bg7 5. Be2 O-O 6. O-O Bg4 7. Be3 Nc6 8. d5
Bxf3 9. gxf3 Ne5 10. f4 Ned7 11. Bd4 c6 12. dxc6 bxc6 13. f5 Qa5 14. fxg6 hxg6
15. f4 Rab8 16. Rb1 c5 17. Be3 Bh6 18. Qd2 Kg7 19. e5 Ne8 20. Bg4 f5 21. exf6+
Ndxf6 22. Bf3 e6 23. Kh1 Kf7 24. f5 Bxe3 25. fxe6+ Ke7 26. Nd5+ Nxd5 27. Qxa5
Ndc7 28. Bg4 Rxb2 29. Rbe1 1-0

[Event "40th Olympiad Open"]
[Site "Istanbul TUR"]
[Date "2012.09.01"]
[Round "5.60"]
[Board "1"]
[White "Melas, Renos"]
[Black "Tarlabasi, Emirhan"]
[Result "1-0"]
[WhiteElo "2108"]
[BlackElo "1740"]
[WhiteTeam "Cyprus"]
[BlackTeam "Turkey 2023"]
[WhiteFideId "5900166"]
[BlackFideId "6350275"]
[EventDate "2012.08.28"]

1. d4 d5 2. c4 e6 3. Nc3 Nf6 4. cxd5 exd5 5. Bg5 Be7 6. e3 O-O 7. Bd3 c6 8. Qc2
Nbd7 9. Nf3 Re8 10. O-O Nf8 11. Bxf6 Bxf6 12. b4 b6 13. Rab1 Be6 14. Rfc1 Bd7
15. b5 Rc8 16. bxc6 Bxc6 17. Bf5 Bd7 18. Bxd7 Qxd7 19. Qb3 Red8 20. Rc2 Kh8 21.
Rbc1 h6 22. a4 Ne6 23. h3 Rc7 24. Nb5 Rxc2 25. Rxc2 Qb7 26. Rc1 a6 27. Nc3 Nc7
28. Rb1 Rb8 29. Ne1 Be7 30. Nd3 Bd6 31. Nb4 Bxb4 32. Qxb4 b5 33. axb5 axb5 34.
Ra1 Qb6 35. Rb1 Qb7 36. Kf1 Qc6 37. Qc5 Qxc5 38. dxc5 Kg8 39. Ke1 Kf8 40. Kd2
Ke7 41. Ne2 Ne6 42. Nd4 Nxd4 43. exd4 Kd7 44. Kc3 Kc6 45. Ra1 Re8 46. Ra6+ Kb7
47. Rb6+ Kc7 48. Rxb5 Re2 49. Rb2 Re4 50. Kd3 Rf4 51. f3 Rf6 52. Ra2 Kb7 53. Re2
Kc7 54. Re7+ Kc6 55. Ra7 Kb5 56. Rb7+ Ka6 57. Rd7 Rf5 58. Ke3 h5 59. g4 hxg4 60.
hxg4 Rf6 61. Rxd5 Kb5 62. Rd6 Rxd6 63. cxd6 Kc6 64. f4 Kxd6 65. Ke4 Ke6 66. d5+ 1-0